| 000 | 00478nam a22001937a 4500 | ||
|---|---|---|---|
| 003 | MPLRDC | ||
| 005 | 20220104144034.0 | ||
| 008 | 210129b ||||| |||| 00| 0 eng d | ||
| 020 | _a957-8431-63-5 | ||
| 082 | _a544.186 PIP | ||
| 100 | _aMARY PIPHER | ||
| 245 |
_a爱是回家的路 _c林亚君译 |
||
| 250 | _a初版 | ||
| 260 |
_a _b大村出版社 _c1998 |
||
| 300 | _b平 | ||
| 490 | _a智慧生活文库. Z040 | ||
| 650 | _a家庭辅导 | ||
| 942 |
_cBK _o544.186 PIP |
||
| 999 |
_c45784 _d45774 |
||